000 00864nam a2200217 i 4500
001 160524
003 ES-MaACL
005 20250524063056.0
008 041007s1878 sp |||| | spa d
040 _aCAM
_bspa
_cCAM
080 _a821.134.2-34"18"
100 1 _aNavarrete, Ramón de,
_d1818-1897
_985042
245 1 0 _aSueños y realidades /
_cpor Ramón de Navarrete; con un prólogo de Carlos Coello.
260 _aMadrid :
_bOficinas de la Ilustracion Española y Americana,
_c1878 (
_fImprenta, estereotipia y galvanoplastia de Aribau y cª)
300 _a448 p. ;
_c22 cm.
530 _aDisponible en formato digital.
700 0 _aCoello, Carlos.
_939456
852 _aES-MaACL
_jF-13356
_z-- Enc. pasta española
856 _uhttp://bdh-rd.bne.es/viewer.vm?id=0000084011&page=1
_zBiblioteca Digital Hispánica
999 _c160524
_d160524